| 000 | 00709nam a2200229Ia 4500 | ||
|---|---|---|---|
| 003 | OSt | ||
| 005 | 20220830113106.0 | ||
| 008 | 210716s2007 xx 000 0 und d | ||
| 020 | _a9788177221091 | ||
| 040 | _cAIMIT LIBRARY | ||
| 041 | _aeng | ||
| 082 |
_a005.3068 _21st _bCONK |
||
| 100 |
_aConway, Kieron. _956097 |
||
| 245 |
_aSoftware project management : _bfrom concepts to deployment / _cBy Kieron Conway |
||
| 250 | _a1st ed. | ||
| 260 |
_aNew Delhi : _bDreamtech Press , _c2007. |
||
| 300 |
_axvi,832 p.; _c24.5 cm. |
||
| 650 |
_aCapturing the requirements _956098 |
||
| 650 |
_aAnalyzing the requireents _956099 |
||
| 650 |
_aTesting and support _956100 |
||
| 942 |
_2ddc _cBK _e1st _k005.3068 CONK |
||
| 999 |
_c189344 _d189344 |
||